| 000 | 00575nam a2200193 i 4500 | ||
|---|---|---|---|
| 001 | 142733 | ||
| 003 | ES-MaACL | ||
| 005 | 20250809034607.0 | ||
| 007 | t| | ||
| 008 | 071009s1910 fr ||||1| fre d | ||
| 100 | 1 |
_aVidal, Georges. _9114427 |
|
| 245 | 1 | 0 |
_aCours de droit criminel et de science penitentiaire / _cpar Georges Vidal. |
| 250 | _a4è ed. | ||
| 260 |
_aParis : _b[s.n.], _c1910 ( _eSaint-Amaud : _fImp. Bussière) |
||
| 300 |
_aVIII, 1092 p. ; _c22 cm. |
||
| 650 | 0 | 7 |
_aDerecho penal _2embne _911749 |
| 852 |
_aES-MaACL _jF-11802 |
||
| 999 |
_c142733 _d142733 |
||